000 00381 a2200145 4500
005 20250314140054.0
020 _a81-224-1981-X
082 _a338.9 SOM
100 _aSOMASHEKAR,N.T.
245 _aDevelopment Economics.
250 _a2ndEd.
260 _aNew Delhi,
_bNew Age International(p)Limited, Publishers.
_c2007.
300 _axx,584p.:Ill.;figures.
_c24cm.
942 _2ddc
_cBKS
999 _c635
_d635